USA and the World Quiz Stats

Quiz not verified by Sporcle

Challenge
Share
Tweet
Embed
Score 0/0 Timer 00:00
0 Plays Today
US City/Town State % Correct
????
64.5%
????
32.3%
????
22.6%
????
22.6%
????
12.9%
????
12.9%
????
12.9%
????
9.7%
????
9.7%
????
6.5%
????
6.5%
????
6.5%
????
6.5%
????
6.5%
????
6.5%
????
6.5%
????
6.5%
????
6.5%
????
6.5%
????
6.5%
????
6.5%
????
6.5%
????
6.5%
????
6.5%
????
6.5%
????
6.5%
????
3.2%
????
3.2%
????
3.2%
????
3.2%
????
3.2%
????
3.2%
????
3.2%
????
3.2%
US City/Town State % Correct
????
3.2%
????
3.2%
????
3.2%
????
3.2%
????
3.2%
????
3.2%
????
3.2%
????
3.2%
????
3.2%
????
3.2%
????
3.2%
????
3.2%
????
3.2%
????
3.2%
????
3.2%
????
3.2%
????
3.2%
????
3.2%
????
0%
????
0%
????
0%
????
0%
????
0%
????
0%
????
0%
????
0%
????
0%
????
0%
????
0%
????
0%
????
0%
????
0%
????
0%
????
0%
US City/Town State % Correct
????
0%
????
0%
????
0%
????
0%
????
0%
????
0%
????
0%
????
0%
????
0%
????
0%
????
0%
????
0%
????
0%
????
0%
????
0%
????
0%
????
0%
????
0%
????
0%
????
0%
????
0%
????
0%
????
0%
????
0%
????
0%
????
0%
????
0%
????
0%
????
0%
????
0%
????
0%
????
0%

You're not logged in!

Compare scores with friends on all Sporcle quizzes.
Sign Up with Email
OR
Log In

You Might Also Like...

Show Comments

Extras

Top Quizzes Today


Score Distribution

Your Account Isn't Verified!

In order to create a playlist on Sporcle, you need to verify the email address you used during registration. Go to your Sporcle Settings to finish the process.

Report this User

Report this user for behavior that violates our Community Guidelines.

Details: